Handbok over Norske Filatelistka (Record no. 737)

000 -LEADER
fixed length control field 00268nam a22001097a 4500
003 - CONTROL NUMBER IDENTIFIER
control field OSt
008 - FIXED-LENGTH DATA ELEMENTS--GENERAL INFORMATION
fixed length control field 150215b xxu||||| |||| 00| 0 eng d
041 ## - LANGUAGE CODE
Language code of text/sound track or separate title eng
245 10 - TITLE STATEMENT
Title Handbok over Norske Filatelistka
260 ## - PUBLICATION, DISTRIBUTION, ETC. (IMPRINT)
Name of publisher, distributor, etc. Utgitt Av Norsk Filatelistforbun
Date of publication, distribution, etc. 1969
300 ## - PHYSICAL DESCRIPTION
Extent 0 pages
Holdings
Withdrawn status Lost status Source of classification or shelving scheme Damaged status Not for loan Permanent Location Current Location Date acquired Total Checkouts Full call number Barcode Date last seen Price effective from Koha item type
          Northern Philatelic Library Northern Philatelic Library 02/15/2015   G6940 D462 .N863 1001156 06/28/2015 06/28/2015 Books

Powered by Koha